AS Roma - Kit Manufacturers - 1970-2023 - Statistics

General Stats
  • This quiz has been taken 70 times
  • The average score is 10 of 18
Answer Stats
Period Kit Manufacturer % Correct
1977-79 Adidas
100%
1991-94 Adidas
100%
2023- Adidas
100%
2014-21 Nike
100%
2021-23 New Balance
87%
1983-86 Kappa
75%
2000-03 Kappa
75%
2007-13 Kappa
75%
1997-00 Diadora
55%
2003-07 Diadora
55%
1994-97 ASICS
42%
2013-14 AS Roma
36%
1986-91 NR
22%
1972-76 None
15%
1970-71 Lacoste
13%
1982-83 Patrick
5%
1980-82 Playground
5%
1979-80 Pouchain
5%
No matching quizzes found
Score Distribution
Percent of People with Each Score
Percentile by Number Answered
Your Score History
You have not taken this quiz